|
|
|
|
| LEADER |
00770nam a22002177a 4500 |
| 001 |
3799 |
| 003 |
BD-DhAAL |
| 005 |
20141125163637.0 |
| 008 |
141125s1988 nau||||| |||| 00| 0 eng d |
| 040 |
|
|
|a BD-DhAAL
|c BD-DhAAL
|
| 082 |
|
|
|2 22
|a 005.75/85
|
| 245 |
|
|
|a ORACLE programmatic interfaces addendum
|
| 260 |
|
|
|a [Belmont, Calif.] :
|b Oracle corporation,
|c 1988
|
| 300 |
|
|
|a i, 2-13 p. ;
|c 23 cm.
|
| 541 |
|
|
|e 3799
|
| 650 |
|
|
|a Oracle (Computer file)
|9 6221
|
| 650 |
|
|
|a Database management
|x Computer programs.
|9 6222
|
| 852 |
|
|
|a Ayesha Abed Library
|
| 942 |
|
|
|2 ddc
|c BK
|
| 999 |
|
|
|c 33128
|d 33128
|
| 952 |
|
|
|0 0
|1 0
|2 ddc
|4 0
|6 005_758500000000000_ORA
|7 0
|9 44227
|a BRACUL
|b BRACUL
|c GEN
|d 2014-11-25
|g 0.00
|l 0
|o 005.7585 ORA
|p 3010003799
|r 2014-11-25
|t 1
|w 2014-11-25
|y BK
|z Not price in Register
|